| 000 | 00335nam a2200133Ia 4500 | ||
|---|---|---|---|
| 008 | 210430s9999 xx 000 0 und d | ||
| 082 | _a519 B 945 N | ||
| 100 | _aRichard L.Burden | ||
| 245 |
_aNumerical Analysis 7th ed. _cRichard L.Burden |
||
| 250 | _a7th | ||
| 260 |
_aNew delhi _bCole _c2001 |
||
| 300 | _a841p | ||
| 942 |
_cBK _2ddc |
||
| 999 |
_c564183 _d564183 |
||